Generator Puzzle #68 - Statistics

General Stats
  • This quiz has been taken 93 times
  • The average score is 12 of 21
Answer Stats
clue word % Correct
sale where the highest bidder buys auction
91%
wanting to kill oneself suicidal
86%
this letter style italic
81%
bird of prey falcon
80%
relating to water (A7) aquatic
73%
screw up the eyes to try to see more clearly squint
71%
to find not guilty acquit
69%
antonym of fact fiction
69%
of Latin-American descent Latino
65%
South American capital Quito
60%
attractively unusual or old-fashioned (Q6) quaint
59%
converting a company's assets into cash (L11) liquidation
58%
of the sea (N8) nautical
58%
to become familiar with (A8) acquaint
55%
African country Tunisia
53%
brazenly show off (F6) flaunt
51%
African country Sudan
43%
extremely dirty due to poverty (S7) squalid
40%
person with single-minded zeal (F7) fanatic
33%
16-letter word DISQUALIFICATION
16%
a shambolic messy failure (F6) fiasco
16%
No matching quizzes found
Score Distribution
Percent of People with Each Score
Percentile by Number Answered
Your Score History
You have not taken this quiz